[Event "9th Asian Continental/Individual (Open)"]
[Site "Subic Bay Free Port"]
[Date "2010.04.21"]
[Round "1"]
[Board "1"]
[White "YU, Ruiyuan"]
[Black "XIU, Deshun"]
[Result "1-0"]
[WhiteElo "2309"]
[BlackElo "2493"]
[PlyCount "107"]
[EventDate "2010.04.21"]
[EventRounds "9"]
[EventCountry "PHI"]

1.e4 c5 2.Nf3 d6 3.Bb5+ Nd7 4.c4 Ngf6 5.O-O g6 6.d4 cxd4 7.Nxd4 Bg7 8.f3 O-O
9.Bxd7 Bxd7 10.Be3 a6 11.Na3 Qb8 12.Qb3 e5 13.Ne2 b5 14.Qd3 Rd8 15.Rfd1 bxc4
16.Nxc4 d5 17.exd5 Bf5 18.Qa3 Nxd5 19.Bc5 Qb5 20.b3 Rac8 21.Bf2 Be6 22.Rac1 Bh6
23.Rb1 Bf5 24.Rb2 Bf8 25.Qa5 Bb4 26.Qxb5 axb5 27.g4 Be6 28.Nxe5 Nc3 29.Rxd8+
Rxd8 30.Nd4 Bd5 31.Rc2 Nb1 32.Nxb5 f6 33.Nc6 Bxc6 34.Rxc6 Rd1+ 35.Kg2 Rd2 36.Rc1
Rb2 37.Kg3 Nd2 38.a3 Bf8 39.b4 f5 40.gxf5 gxf5 41.Bd4 Ra2 42.Kf4 Bh6+ 43.Kxf5
Nxf3 44.Rc8+ Kf7 45.Rc7+ Kg8 46.Rc8+ Kf7 47.Nd6+ Ke7 48.Bc5 Rxh2 49.Rc7+ Kf8
50.Ne4+ Ke8 51.Ke6 Kd8 52.Rd7+ Kc8 53.Nd6+ Kb8 54.Rd8+

[Event "9th Asian Continental/Individual (Open)"]
[Site "Subic Bay Free Port"]
[Date "2010.04.22"]
[Round "2"]
[Board "1"]
[White "TOUFIGHI, Homayoon"]
[Black "SASIKIRAN, Krishnan"]
[Result "0-1"]
[WhiteElo "2491"]
[BlackElo "2686"]
[PlyCount "71"]
[EventDate "2010.04.21"]
[EventRounds "9"]
[EventCountry "PHI"]

1.e4 c5 2.Nf3 d6 3.Bb5+ Nd7 4.Nc3 Ngf6 5.d4 cxd4 6.Qxd4 e5 7.Qd3 h6 8.Be3 a6
9.Bc4 b5 10.Bd5 Rb8 11.a3 Nxd5 12.Nxd5 Nf6 13.Nxf6+ Qxf6 14.O-O Be7 15.Nd2 Qe6
16.Nb1 Qc4 17.Nc3 Qxd3 18.cxd3 Be6 19.Rfc1 Kd7 20.d4 Bb3 21.dxe5 dxe5 22.a4 b4
23.Nd5 Bxd5 24.Rd1 Rhc8 25.Rxd5+ Ke6 26.Kf1 b3 27.Ra5 Rc6 28.Rc1 Rxc1+ 29.Bxc1
Rb6 30.Bd2 Rc6 31.Ke2 f6 32.Kd3 Bc5 33.f3 Bd4 34.f4 Bxb2 35.f5+ Kf7 36.Rd5

[Event "9th Asian Continental/Individual (Open)"]
[Site "Subic Bay Free Port"]
[Date "2010.04.23"]
[Round "3"]
[Board "1"]
[White "HABLA, Jony"]
[Black "TOUFIGHI, Homayoon"]
[Result "0-1"]
[WhiteElo "2316"]
[BlackElo "2491"]
[PlyCount "98"]
[EventDate "2010.04.21"]
[EventRounds "9"]
[EventCountry "PHI"]

1.d4 e6 2.Nf3 Nf6 3.c3 b6 4.Bf4 Bb7 5.e3 Be7 6.Nbd2 O-O 7.g4 c5 8.Rg1 d6 9.Qc2
cxd4 10.exd4 Nc6 11.Bd3 Rc8 12.a3 e5 13.Be3 g6 14.h4 Nd5 15.g5 Re8 16.h5 Bf8
17.hxg6 fxg6 18.Bc4 Nce7 19.dxe5 Kh8 20.Bb5 Nf5 21.Bxe8 Qxe8 22.Qd3 dxe5 23.Qe2
Bg7 24.Rg4 Qd7 25.Nh2 e4 26.Nxe4 Ndxe3 27.fxe3 Re8 28.Rd1 Qc7 29.Rd4 Bxd4
30.exd4 Qc6 31.Kf2 Rxe4 32.Rxe4 Qxe4 33.Qxe4 Bxe4 34.Ng4 Kg7 35.Nf6 Bb7 36.d5 h6
37.Ne8+ Kf8 38.gxh6 Nxh6 39.Nc7 Ke7 40.c4 Nf5 41.Kf3 Nd6 42.b3 Bc8 43.Kf4 Kd8
44.Na8 Bb7 45.Ke5 Nxc4+ 46.bxc4 Bxa8 47.Kf6 Bb7 48.Kxg6 Ba8 49.Kf5 Kd7

[Event "9th Asian Continental/Individual (Open)"]
[Site "Subic Bay Free Port"]
[Date "2010.04.24"]
[Round "4"]
[Board "1"]
[White "MACALA, Allan"]
[Black "TU, Hoang Thong"]
[Result "1-0"]
[WhiteElo "2283"]
[BlackElo "2483"]
[PlyCount "129"]
[EventDate "2010.04.21"]
[EventRounds "9"]
[EventCountry "PHI"]

1.d4 c5 2.e3 Nf6 3.Nf3 g6 4.c4 Bg7 5.Nc3 O-O 6.Be2 d5 7.O-O dxc4 8.Bxc4 Nbd7
9.b3 a6 10.a4 cxd4 11.Nxd4 e5 12.Nf3 e4 13.Nd4 Qa5 14.Qc2 Re8 15.Bd2 Qh5 16.Nce2
Ne5 17.f3 Nxc4 18.Qxc4 exf3 19.Rxf3 Bg4 20.Ng3 Qe5 21.Rf2 Rac8 22.Qd3 h5 23.Re1
h4 24.Nf1 h3 25.Ng3 hxg2 26.Bc3 Nd5 27.Bb2 Nb4 28.Qd2 Nc2 29.Rb1 Red8 30.Rf4
Nxe3 31.Re4 Nf1 32.Qxg2 Qc5 33.Kxf1 Bxd4 34.Rxg4 Bxb2 35.Qxb2 Qe3 {Diagram #}
36.Re4 [36.Qg7+!!] 36...Qf3+ 37.Kg1 Rc3 38.Rbe1 f5 39.Re6 Kh7 40.b4 Rdd3 41.Qe2
Qf4 42.Nf1 Qxb4 43.Qg2 Qg4 44.Qxg4 fxg4 45.Re7+ Kh6 46.Rxb7 Rd4 47.Rb6 Rxa4
48.Ree6 a5 49.Rxg6+ Kh7 50.Rge6 Rc7 51.Kg2 Rf7 52.Ne3 Ra2+ 53.Kg3 a4 54.Nxg4 a3
55.Ra6 Ra1 56.Kh4 a2 57.Re2 Rg1 58.Rexa2 Rf4 59.Rh6+ Kg7 60.Ra7+ Kg8 61.h3 Rgf1
62.Rc6 Rf8 63.Rcc7 Rd8 64.Rh7 Rd6 65.Nh6+

[Event "9th Asian Continental/Individual (Open)"]
[Site "Subic Bay Free Port"]
[Date "2010.04.25"]
[Round "5"]
[Board "1"]
[White "BITOON, Richard"]
[Black "SEGARRA, Randy"]
[Result "1-0"]
[WhiteElo "2476"]
[BlackElo "2298"]
[PlyCount "116"]
[EventDate "2010.04.21"]
[EventRounds "9"]
[EventCountry "PHI"]

1.e4 c5 2.Nf3 e6 3.d4 cxd4 4.Nxd4 a6 5.Bd3 Bc5 6.Nb3 Be7 7.Qg4 g6 8.Qe2 d6 9.O-O
Nd7 10.Nc3 Qc7 11.Bd2 b6 12.Rae1 Bb7 13.f4 Ngf6 14.e5 Nd5 15.Ne4 dxe5 16.fxe5
Nxe5 17.c4 Nxd3 18.Qxd3 f5 19.Ng5 Nf6 20.Nxe6 Qc6 21.Re2 Ne4 22.Nbd4 Bc5 23.Kh1
Qd7 24.Bf4 Bxd4 25.Nc7+ Ke7 26.Nd5+ Bxd5 27.Qxd4 Kf7 28.cxd5 Rhe8 29.d6 Rad8
30.Rc2 Kg8 31.h3 Nc5 32.Rd1 Re4 33.Qd2 a5 34.Be3 Re6 35.Bf4 h6 36.Qd5 Qf7 37.Qc6
Nd7 38.Bxh6 Qf6 39.Qd5 Rde8 40.Bd2 Qf7 41.Qc6 Re2 42.Rcc1 f4 43.Bxf4 Rxb2 44.Bg3
Rbe2 45.Rf1 Qe6 46.Rce1 Rxe1 47.Rxe1 Qf7 48.Rc1 Qf5 49.a4 Rf8 50.Kh2 Rf7 51.Qa8+
Rf8 52.Qc6 Rf7 53.Re1 Kg7 54.Qc3+ Kh7 55.Qc4 Kg7 56.Re8 Kh7 57.Qh4+ Qh5 58.Qc4
Nf6